A Textbook of Marine Boilers / (Record no. 26509)

000 -LEADER
fixed length control field 00460 a2200157 4500
008 - FIXED-LENGTH DATA ELEMENTS--GENERAL INFORMATION
fixed length control field 230627b ||||| |||| 00| 0 eng d
020 ## - INTERNATIONAL STANDARD BOOK NUMBER
International Standard Book Number 9789389763232
Terms of availability Rs400.00
041 0# - LANGUAGE CODE
Language code of text/sound track or separate title eng
082 00 - DEWEY DECIMAL CLASSIFICATION NUMBER
Classification number 623.873
Item number G9775
100 ## - MAIN ENTRY--PERSONAL NAME
Personal name Gupta, Atul Kumar
245 ## - TITLE STATEMENT
Title A Textbook of Marine Boilers /
260 ## - PUBLICATION, DISTRIBUTION, ETC. (IMPRINT)
Place of publication, distribution, etc [S.I.]
Name of publisher, distributor, etc Blue Rose Publishers,
Date of publication, distribution, etc c2020.
300 ## - PHYSICAL DESCRIPTION
Extent vii, 259 p. :
Other physical details ill. ;
Dimensions 21 cm.
650 #0 - SUBJECT ADDED ENTRY--TOPICAL TERM
Topical term or geographic name as entry element Marine Steam Boilers
942 ## - ADDED ENTRY ELEMENTS (KOHA)
Source of classification or shelving scheme
Item type Books
Holdings
Withdrawn status Lost status Source of classification or shelving scheme Damaged status Not for loan Permanent location Current location Shelving location Date acquired Source of acquisition Cost, normal purchase price Total Checkouts Full call number Barcode Date last seen Date last borrowed Cost, replacement price Koha item type Total Renewals Checked out
          IMU Kolkata IMU Kolkata Reference 2023-06-28 5 320.00 7 623.873 G9775 14150 2026-04-20 2026-04-11 400.00 Books    
          IMU Kolkata IMU Kolkata   2023-06-28 5 320.00 6 623.873 G9775 14151 2026-03-23 2026-03-10 400.00 Books 2  
          IMU Kolkata IMU Kolkata   2023-06-28 5 320.00 10 623.873 G9775 14152 2026-04-08 2026-03-24 400.00 Books 3  
          IMU Kolkata IMU Kolkata   2023-06-28 5 320.00 2 623.873 G9775 14153 2025-05-14 2025-05-05 400.00 Books 1  
          IMU Kolkata IMU Kolkata   2023-06-28 5 320.00 8 623.873 G9775 14154 2026-04-27 2026-04-27 400.00 Books 6 2026-05-12
Designed and Maintained by IMU-KC Library, Kolkata Campus © Copyright All Rights Reserved

webs counters

Powered by Koha